| 000 | 00532cam a2200217ua 4500 | ||
|---|---|---|---|
| 020 | _cRs 32.50 | ||
| 041 |
_aeng _h |
||
| 082 |
_a530 _bWHI/PR |
||
| 100 | _aWhite, Marsh W. | ||
| 245 |
_aPractical physics / _cMarsh W White. _hTextual Documents |
||
| 250 |
_a2 / _b. |
||
| 260 |
_aNew York : _bMcGraw Hill Book Company , _c1955. |
||
| 300 | _a ; . | ||
| 365 | _aRs 32.50 | ||
| 504 | _a | ||
| 650 | _aPhysics | ||
| 700 | 1 | _aManning, Kenneth V. | |
| 700 | 1 | _aWeber, Robert L. | |
| 942 | _cBK | ||
| 999 |
_c3254 _d3254 |
||